000 00485 a2200193 4500
260 _aParis
100 _aMURITH,Jean.
260 _bTechnique & Documentation-Lavoisier
245 _aDictionnaire des sigles et abréviations techniques et scientifiques.
300 _a457p.
650 _aOUVRAGE DE REFERENCE
650 _aABREVIATION
260 _c1982
130 _lFr.
690 _aDICTIONNAIRE SCIENTIFIQUE.
020 _a2-85206-144-9
999 _c24469
_d24469